000 00701nam a2200229 a 4500
001 000020555
005 20240509192331.0
008 100810s2007 dr r 000 0 spa d
040 _aDO-SdBNP
_bspa
_cBNPHU
082 _a306.81
_bA561m,2007
100 1 _aAndrés, Mateo
_97205
245 1 0 _aMatrimonio y mundo mejor :
_bcuatro retiros a matrimonios /
_cMateo Andrés.
250 _a2a ed.
260 _aSanto Domingo :
_bEdiciones MSC,
_c2007.
300 _a204 p. ;
_c22 cm.
490 1 _aLuz
_v19
590 _aInventariado, 2020/BT
650 0 _aMatrimonio
_9797
650 4 _aMatrimonio
_xAspectos morales
_943277
650 4 _aMatrimonio
_xAspectos religiosos
_92391
830 0 _aLuz
_n19
_943278
999 _c20059
_d20059